000
00492nam a2200133Ia 4500
008
151213s9999 xx 000 0 und d
100
_a
ঔড়যহ চৎবংং
245
_a
ঞযব ঈযবয়ঁবৎ'ফ ঝযধফব
_c
ঔড়যহ চৎবংং
260
_a
খড়হফড়হ
_b
ঙীভড়ৎফ টহরাবৎংরঃু চৎবংং
_c
1963
300
_a
4615 p.
650
_a
Bangla
700
_a
ঔড়যহ চৎবংং
999
_c
2973
_d
2973